Introduction to Intellectual Property Law / (Record no. 507)
[ view plain ]
| 000 -LEADER | |
|---|---|
| fixed length control field | 00602nam a22001817a 4500 |
| 008 - FIXED-LENGTH DATA ELEMENTS--GENERAL INFORMATION | |
| fixed length control field | 110421t xxu||||| |||| 00| 0 eng d |
| 020 ## - INTERNATIONAL STANDARD BOOK NUMBER | |
| International Standard Book Number | 040651240x |
| 082 ## - DEWEY DECIMAL CLASSIFICATION NUMBER | |
| Edition number | 22 |
| Classification number | 346.048 PHI |
| 100 ## - MAIN ENTRY--PERSONAL NAME | |
| Personal name | Phillips, Jeremy |
| 9 (RLIN) | 1418 |
| 245 ## - TITLE STATEMENT | |
| Title | Introduction to Intellectual Property Law / |
| Statement of responsibility, etc | Jeremy Phillips, Alison Firth |
| 250 ## - EDITION STATEMENT | |
| Edition statement | 2nd ed. _ |
| 260 ## - PUBLICATION, DISTRIBUTION, ETC. (IMPRINT) | |
| Place of publication, distribution, etc | London : |
| Name of publisher, distributor, etc | Butterworths, |
| Date of publication, distribution, etc | 1990 |
| 300 ## - PHYSICAL DESCRIPTION | |
| Extent | xxxi, 340p. : |
| 520 ## - SUMMARY, ETC. | |
| Summary, etc | includes index |
| 700 ## - ADDED ENTRY--PERSONAL NAME | |
| Personal name | Firth, Alison |
| 9 (RLIN) | 1419 |
| 942 ## - ADDED ENTRY ELEMENTS (KOHA) | |
| Source of classification or shelving scheme | Dewey Decimal Classification |
| Item type | Books |
| Withdrawn status | Lost status | Source of classification or shelving scheme | Damaged status | Not for loan | Home library | Current library | Shelving location | Date acquired | Total Checkouts | Full call number | Barcode | Date last seen | Price effective from | Koha item type |
|---|---|---|---|---|---|---|---|---|---|---|---|---|---|---|
| Dewey Decimal Classification | Law Development Centre Main Library | Law Development Centre Main Library | Text Books and Laws | 04/21/2011 | 346.048 PHI | 321/90 | 04/21/2011 | 04/21/2011 | Books |
